LDR 00983naa#a2200193#i#450# 001 RU\\bibl\126639 005 20260703214752.5 011 ## _a2587-6740 100 ## _a20260615b2026####ek#y0rusy0150####ca 102 ## _aRU 200 1# _aЭнергетическая зависимость зернового производства как фактор устойчивости аграрных систем: сопоставление России и Китая _eЖурнальная статья 210 1# _aМосква _cЭлектронная наука _d2026 215 ## _a3 с. 608 ## _aЖурнальная статья _2local 675 ## _aПроизводство продукции и услуг по отраслям народного хозяйства. 338.4 _z 700 #1 _aСулимин _gВладимир Власович 700 #1 _aШведов _gВладислав Витальевич 700 #1 _aСарсадских _gАнастасия Вадимовна 856 4# _aqje.su _u